21st century astronomy / Stars and galaxies

Tallennettuna:
Bibliografiset tiedot
Päätekijä: Hester,Jeff
Muut tekijät: Hester, John Jeffrey.
Aineistotyyppi: Kirja
Kieli:English
Julkaistu: New York : W.W. Norton, c2007.
Painos:2nd ed.
Aiheet:
Tagit: Lisää tagi
Ei tageja, Lisää ensimmäinen tagi!
Thư viện lưu trữ: Mạng thư viện Đại học Đà Nẵng
LEADER 01153nam a22003371a 4500
001 000034669
003 10878
005 20210129161206.0
008 151027s2007 000 eng
020 |a 9780393930108 
041 |a eng 
082 0 0 |a 520  |b HE-T 
100 |a Hester,Jeff 
245 0 0 |a 21st century astronomy /  |c Jeff Hester ... [et al.].  |n Stars and galaxies 
246 3 |a Twenty-first century astronomy 
250 |a 2nd ed. 
260 |a New York :  |b W.W. Norton,  |c c2007. 
300 |a xxxv, 641, E-5, A-29, G-17, C-3, I-25 p. :  |b ill. (chiefly col.), col. maps : ;  |c 28 cm. 
500 |a Includes index. 
650 0 |a Astronomy. 
700 1 |a Hester, John Jeffrey. 
OWN |a LNN 
OWN |a LNN 
902 |a TKA 
AVA |a UDN50  |b LNN  |c English  |d 420.52 HE-J  |e available  |t Error 5001 Not defined in file expand_doc_bib_avail.  |f 2  |g 0  |h N  |i 0  |j AN  |k 1 
999 |a From the UDN01 
AVA |a UDN50  |b LNN  |c English  |d 420.52 HE-J  |e available  |t Error 5001 Not defined in file expand_doc_bib_avail.  |f 2  |g 0  |h N  |i 0  |j AN  |k 1 
TYP |a Monograph 
980 |a Mạng thư viện Đại học Đà Nẵng